Random Country Flags by Initial Letter in 30 Seconds - Statistics

General Stats
  • This quiz has been taken 595 times
  • The average score is 23 of 40
Answer Stats
Picture Answer % Correct
United States
74%
Kosovo
73%
Bahrain
72%
Lebanon
72%
Liechtenstein
72%
Norway
72%
Nepal
71%
Russia
70%
Sweden
70%
Switzerland
70%
Tonga
70%
United Kingdom
70%
Jamaica
69%
Vatican City
69%
Belize
68%
Chile
68%
Angola
67%
Brazil
67%
Guyana
67%
Italy
67%
Liberia
67%
Montenegro
67%
Uzbekistan
67%
Belarus
66%
Kazakhstan
66%
Portugal
66%
Slovakia
66%
Sri Lanka
66%
Taiwan
66%
Ukraine
66%
Uruguay
66%
Estonia
65%
North Korea
65%
Philippines
65%
Tunisia
65%
Afghanistan
64%
China
64%
Czech Republic
64%
Grenada
64%
Ireland
64%
Ivory Coast
64%
Jordan
64%
Kiribati
64%
Mauritania
64%
New Zealand
64%
Pakistan
64%
Panama
64%
South Africa
64%
Central African Republic
63%
Fiji
63%
Israel
63%
Malta
63%
Netherlands
63%
Singapore
63%
Syria
63%
Albania
62%
Chad
62%
Croatia
62%
France
62%
India
62%
Latvia
62%
Myanmar
62%
San Marino
62%
Saudi Arabia
62%
Serbia
62%
Seychelles
62%
Sudan
62%
Venezuela
62%
Bahamas
61%
Bhutan
61%
Denmark
61%
Iran
61%
Laos
61%
Zambia
61%
Barbados
60%
Cuba
60%
Germany
60%
Ghana
60%
Guatemala
60%
Luxembourg
60%
Morocco
60%
Paraguay
60%
Thailand
60%
Algeria
59%
Botswana
59%
Cambodia
59%
Eswatini
59%
Finland
59%
Greece
59%
Kyrgyzstan
59%
Libya
59%
Lithuania
59%
Nigeria
59%
Palau
59%
Papua New Guinea
59%
Romania
59%
Senegal
59%
Vietnam
59%
Antigua and Barbuda
58%
Australia
58%
Bosnia and Herzegovina
58%
Haiti
58%
Kenya
58%
Nicaragua
58%
North Macedonia
58%
Oman
58%
Rwanda
58%
South Korea
58%
St. Vincent and the Grenadines
58%
Brunei
57%
Cape Verde
57%
Comoros
57%
Dominican Republic
57%
Ecuador
57%
Equatorial Guinea
57%
Ethiopia
57%
Gambia
57%
Malawi
57%
Maldives
57%
South Sudan
57%
Uganda
57%
Vanuatu
57%
Argentina
56%
Burundi
56%
Canada
56%
Cyprus
56%
Dominica
56%
Indonesia
56%
Mongolia
56%
Nauru
56%
Tanzania
56%
Turkey
56%
Azerbaijan
55%
Georgia
55%
Hungary
55%
Japan
55%
Madagascar
55%
Yemen
55%
Belgium
54%
Bulgaria
54%
Djibouti
54%
Iraq
54%
Mauritius
54%
Mexico
54%
Niger
54%
St. Lucia
54%
Andorra
53%
Bolivia
53%
Costa Rica
53%
Eritrea
53%
Moldova
53%
Peru
53%
Poland
53%
Samoa
53%
Slovenia
53%
Austria
52%
Colombia
52%
Gabon
52%
Qatar
52%
United Arab Emirates
52%
Armenia
51%
Egypt
51%
Kuwait
51%
Sao Tome and Principe
51%
Somalia
51%
St. Kitts and Nevis
51%
Togo
51%
El Salvador
50%
Malaysia
50%
Benin
49%
Cameroon
49%
East Timor
49%
Mali
49%
Marshall Islands
49%
Sierra Leone
49%
Zimbabwe
49%
Burkina Faso
48%
D. R. Congo
48%
Guinea
48%
Iceland
48%
Spain
48%
Tuvalu
48%
Mozambique
46%
Bangladesh
45%
Lesotho
45%
Solomon Islands
45%
Suriname
45%
Turkmenistan
45%
Monaco
44%
Tajikistan
44%
F. S. Micronesia
43%
Honduras
43%
Namibia
43%
Guinea-Bissau
42%
Trinidad and Tobago
39%
Republic of the Congo
35%
No matching quizzes found
Score Distribution
Percent of People with Each Score
Percentile by Number Answered
Your Score History
You have not taken this quiz